| 000 | 00669nam a22001337a 4500 | ||
|---|---|---|---|
| 040 | _cRUA | ||
| 082 | _aAED THO 2018 B466 Or.1 | ||
| 100 | _aTHORN SETHA ,ថន សេដ្ធា | ||
| 245 | _athe study on housholds livelihood of people in preydoeumthneon commune, sithorkandal district, prey veng province,ការសិក្សាអំពីកម្រិតជីវភាពរបស់ប្រជាជននៅឃុំព្រៃដើមថ្លឹង ស្រុកស៊ីធរកណ្តាល ខេត្តព្រៃវែង | ||
| 260 |
_aRUA _bphnom penh _c2018 |
||
| 300 |
_axi;50p; _bill; _c29cm; |
||
| 856 | _u THORN SETH. | ||
| 942 | _cAED | ||
| 999 |
_c19237 _d19237 |
||